| 000 | 00385nam a2200121 4500 | ||
|---|---|---|---|
| 999 |
_c12221 _d12221 |
||
| 008 | 190118b ||||| |||| 00| 0 eng d | ||
| 100 |
_934577 _aAgcaoili, Lawrence |
||
| 245 |
_aDisruptive technology the new normal- BSP/ _cLawrence Agcaoili |
||
| 260 |
_aPhilippines _bThe Philippine Star _cc2018 |
||
| 300 | _apage B12. | ||
| 650 | 0 |
_934581 _aTechnological innovations. |
|
| 942 |
_2ddc _cPER |
||